Quizzes
Events
Quiz Creation
Community
Videos
Private Events
Remove Ads
Sign In
Join for FREE
Feedback
Dark Mode
Quiz Categories
Sports
Geography
Music
Movies
Television
Just For Fun
Miscellaneous
History
Literature
Language
Science
Gaming
Entertainment
Religion
Holiday
For Kids
Quiz Lab
Recent
Popular Today
Quiz Kudos Today
Editor Picks
Curator Picks
Quizzes by...
Day
Popularity
Type
Ratings
Length
Year
Community
Subscriptions
Recent Discussions
Orange Saloon
Badges
Playlists
Quests
Create
Leaderboards
Showdown
Live 5
Trivia Bingo
Activity
Puzzle Library
Sporcle Events
Private Events
Virtual Trivia
Globe League
Become a Host
Pub Owners
SporcleCon
Opinionation
Our Games
Videos
Blog
Mobile Apps
Partnerships
Remove Ads and Go Orange
Feedback
Movies
Disney
Marvel Cinematic Universe
Movie Resume
Movie Titles
Oscar
Actor
Actress
Director
Pixar
Role
Movie Quotes
Movie Characters
Box Office
Nominee
Best Picture
Star Wars
James Bond
Horror Movies
Movies
Disney
Marvel Cinematic Universe
Movie Resume
Movie Titles
Oscar
Actor
Actress
Director
Pixar
Role
Movie Quotes
Movie Characters
Box Office
Nominee
Best Picture
Star Wars
James Bond
Horror Movies
Random Quiz
Search Sporcle
×
Quiz Lab
Quiz Lab
Movies
Actor
Type in answers that appear in a list
Type in answers that appear in a list
Classic
Best Score? Go Orange.
Hot Actors Roles Stats
Can you name the Hot Actors by Roles?
By
sporcs
7m
23 Questions
323 Plays
323 Plays
323 Plays
Comments
Comments
Give Quiz Kudos
Give Quiz Kudos
-
- Ratings
hide this ad
Random Order
Randomize order of answers
Randomize order of answers
Replay
Link that replays current quiz
Next Quiz
Link to next quiz in quiz playlist
You Got
0%
They Got
Avg Score
61%
Avg Friend Score
Upgrade to see
Score Distribution
Jump to the score distribution portion of the page
Score
0/23
Timer
07:00
0
Plays Today
Hot Actors by Roles
Hot Actor
% Correct
John Dillinger, Jack Sparrow
Johnny Depp
88.9%
Jason Bourne, Will Hunting
Matt Damon
85.8%
Indiana Jones, Han Solo
Harrison Ford
83.6%
Tony Stark,Sherlock Holmes
Robert Downey Jr.
83.3%
Wolverine, Stanley Jobson
Hugh Jackman
81.4%
Joker, William Thatcher
Heath Ledger
79.6%
Tyler Durden, Achilles
Brad Pitt
76.5%
Bruce Wayne, Melvin Purvis
Christian Bale
76.5%
Danny Ocean, Cpt. Billy Tyne
George Clooney
74.3%
Jack Dawson, Howard Hughes
Leonardo Dicaprio
74.3%
Maverick, Ethan Hunt
Tom Cruise
66.9%
Robin Longstride, Maximus
Russell Crowe
63.5%
Hot Actors by Roles
Hot Actor
% Correct
Korben Dallas, LT. John Mcclane
Bruce Willis
58.8%
Blondie, Dirty Harry
Clint Eastwood
58.5%
Coach Herman Boone, John Q
Denzel Washington
53.9%
Harry Osborn, Saul Silver
James Franco
46.1%
Iceman, Batman
Val Kilmer
45.5%
King Leonidas, Beowulf
Gerard Butler
43.7%
Ben Randall, Robin Hood
Kevin Costner
43.3%
Aragorn, Frank Hopkins
Viggo Mortenson
37.5%
Mike Lowry, Alex Hitchens
Will Smith
37.5%
Vince Papale, Micky Ward
Mark Wahlberg
35%
Wyatt Earp, Cpt. Ron
Kurt Russell
27.6%
Quiz Playlist
Details
Report
Send in Message
Add To Playlist
Classic:
Type in answers that appear in a list
Random Order:
Randomize order of answers
Last Updated: Feb 16, 2017
Quiz Scoreboard
CHALLENGE
Sign Up to Join the Scoreboard
Show All
Scores
Hide
Comments
May contain spoilers
Recently Published
Pick 6: Fruits
by JohnFran
Miscellaneous
15s
Click the 1999 NBA Draft
by nibperrychub
Sports
2m
Alphabetical 'K' Countries by Flag Minefield
by ylime102
Geography
3m
More to Explore
Quiz From the Vault
Featured Blog Post
15 Basketball Trivia Facts You Can Be March Mad About
hide this ad
You Might Also Like...
Tags
Actor Quiz
America
dude
hot
Manly
Sexy
Today's Top Quizzes in Movies
Browse Movies
hide this ad
Today's Top Quizzes in Actor
Browse Actor
Top Contributed Quizzes in Movies
1
Pixar Reveal II
2
How Long Is the Movie Title?
3
Pixar Reveal III
4
10 Quentin Tarantino Movies in Order
5
Adjectives in 00s Movies
6
Pixar Reveal IV
7
Adjectives in 10s Movies
8
Movie Stars Gone to the Dogs
9
Pixar Reveal V
10
Adjectives in 90s Movies
Explore More
Trending Topics
Marvel
Harry Potter
Crossword
Disney
Kpop
Anime
NBA
NFL
Country
Song
Pokémon
Soccer
Puzzle
The Office
WWE
hide this ad
More By:
sporcs
Quiz
Plays
Rating
Category
Featured
Created
Hot Actors Roles
323
4.43
Movies
Mar 22, 2011
Go to Creator's Profile
Score Distribution
Quiz Creator Spotlight
sporcs
Follow
Send a Message
Quizzes Created
-
Created Quiz Play Count
-
More By This Creator
Popular Quizzes Today
1
Find the US States - No Outlines Minefield
2
Countries of Asia Without Outlines Minefield
3
Pick 6: Fruits
4
Alphabetical 'K' Countries by Flag Minefield
5
The Countries of the World
6
Click the 1999 NBA Draft
7
Match the Book to the Film X
8
Find the US States
More Movies Quizzes
Click the S Actor Movie (Level 1: Easy)
Quiz Lab
Trending Quizzes
Pick 6: Harry Potter
Pick 6: Golfers
Donkey Kong Minefield
DC Extended Universe: Oldest to Newest
Multiplication Danger Zone
Recently Updated
Women's Final Four Teams by Year
bhenderson79
Presidents Quartet II
eogle
Anything But Clue(do)
eogle
Anything But Oceanian Capitals
eogle
Anything But 7
eogle
Anything But Thing
eogle
Word Ladder: February 29
pecheneg
Song Title Questions
pecheneg
Women's NCAA Tournament #1 Seeds
pecheneg
Celebrity Mug Shots
pecheneg
Trending Topics
Disney
Crossword
Kpop
Marvel
NBA
Anime
Harry Potter
WWE
Puzzle
Song
NFL
The Office
Country
Soccer
Pokémon
Your Account Isn't Verified!
In order to create a playlist on Sporcle, you need to verify the email address you used during registration. Go to your
Sporcle Settings
to finish the process.
Report this User
Report this user for behavior that violates our
Community Guidelines
.
Details:
Send Report
Go to the Sporcle.com Mobile Site →
Comments